Halka dönük yerel yönetim (Kayıt no. 3741)

MARC ayrıntıları
000 -BAŞLIK
Sabit Uzunlukta Kontrol Alanı 00720na a2200241 4500
001 - KONTROL NUMARASI
Denetim Alanı 18527
003 - KONTROL NUMARASI IDENTIFIER
Denetim Alanı MIRAKIL
005 - SON İŞLEM TARİHİ VE ZAMANI
Denetim Alanı 20181213154941.0
008 - SABİT-BOY VERİ ELEMANLARI - GENEL BİLGİLER
Sabit Uzunlukta Kontrol Alanı 161121b tu 000 0
020 ## - ULUSLARARASI STANDART KİTAP NUMARASI
Uluslararası Standart Kitap Numarası 9757741280
035 ## - SİSTEM KONTROL NUMARASI
Sistem Kontrol Numarası 18527
040 ## - KATALOGLAMA KAYNAK
Orijinal Kataloglama Ajansı Milas
Kataloglama Dili tur
Metne Dönüştürmek Ajansı TR-AnCHP
041 ## - DİL KODU
Metin / Ses Parça Veya Ayrı Başlığın Dil Kodu tur
082 ## - DEWEY ONLU SINIFLANDIRMA NUMARASI
Sınıflandırma Numarası 352.9561
Ürün Numarası H24 1993
090 ## - SINIFLAMA NUMARASI
Sınıflama Numarası 352.9561 H24 1993
245 ## - BAŞLIK TABLOSU
Başlık Halka dönük yerel yönetim
Sorumluluk Tablosu, Vb hazırlayan Atilla Alpöge
260 ## - YAYIN, DAĞITIM, VB
Yayın, Dağıtım, Vb Yeri Ankara
Yayıncı, Dağıtıcı, Vs Adı T.C. Başbakanlık Toplu Konut İdaresi Başkanlığı
Yayın, Dağıtım, Vb Tarihi 1993
300 ## - FİZİKSEL TANIM
Kapsam 163 s.
Boyutlar 24 sm.
490 ## - SERİSİ TABLOSU
Seri Beyanı Yerel Yönetimin Geliştirilmesi Programı El Kitapları Dizisi
Hacim / Ardışık Tanımı 1
650 ## - KONU KATMA GİRİŞ - TOPİKAL DÖNEM
Topikal Süreli Veya Coğrafi Ad Giriş Elemanı Yerel yönetimler
Coğrafi Alt Bölümü Türkiye
700 ## - KATMA GİRİŞ - KİŞİSEL İSİM
Kişisel Ad Alpöge, Atila
942 ## - EKLENDİ GİRİŞ ELEMANLARI (KOHA)
Sınıflandırma Veya Raf Düzeni Kaynak Dewey Decimal Classification
Koha Öğesi Türü Kitaplar
999 ## - SİSTEM KONTROL NUMARALARI (KOHA)
Koha Biblionumber 3741
Koha Biblioitemnumber 3741
Mevcut
Kalıcı Konum Mevcut Konum Edinme Tarihi Edinim Kaynak Toplam Check-Out'Lar Tam Çağrı Numarası Barkod Tarih Son Görülme İtibaren Geçerli Fiyatlar Koha Öğesi Türü
CHP Kütüphanesi CHP Kütüphanesi 11/21/2016 Bağış   352.9561 H24 1993 009584 11/21/2016 11/21/2016 Kitaplar